000 00957nam a22002417a 4500
005 20140307074741.0
008 140307b2013 ck ||||fr||||a00| 0 spa d
020 _a9789585754409
041 _aspa
044 _ack
082 _a508.2
_bC399v
110 2 _aComisión Económica para América Latina y el Caribe - Cepal -
_917484
245 1 0 _aValoración de daños y pérdidas :
_bOla invernal en Colombia 2010-2011
260 _aBogotá
_bBanco Interamericano de Desarrollo - BID
_bComisión Económica para América Latina y el Caribe - Cepal
_c2013
300 _a247 p.
_bfot. (col), gráficas, tablas
_c28 cm.
504 _aIncluye glosario e índice
650 4 _aclimatología
_y2010-2011
_zColombia
_917485
650 4 _alluvia
_y2010-2011
_zColombia
_917486
650 4 _alluvia
_xaspectos sociales
_zColombia
_917487
650 4 _alluvia
_xaspectos económicos
_zColombia
_917488
650 _ameteorología
_zColombia
_917489
942 _2ddc
_cImpreso
999 _c8244
_d8244